[Event "Tourn. n8593"]
[Site "www.chess-mail.com"]
[Date "2016.03.07"]
[Round "1"]
[White "Julian"]
[Black "Libiesse"]
[WhiteElo "2030"]
[BlackElo "1990"]
[Result "1-0"]
[Round "1"]
1.e4 c5
2.Ng1f3 e6
3.Bf1c4 d5
4.exd5 exd5
5.Bc4b5 Bc8d7
6.Qd1e2 Bf8e7
7.Nf3e5 a6
8.Bb5xd7 Nb8xd7
9.O-O Nd7xe5
10.Qe2xe5 f6
11.Qe5h5 g6
12.Qh5e2 Ng8h6
13.d4 cxd4
14.Bc1xh6 Ra8c8
15.Nb1a3 b5
16.Ra1d1 Qd8b6
17.Rf1e1 Rc8c7
18.Na3b1 Kf7
19.c3 Rh8c8
20.Rd1xd4 Qb6d6
21.Nb1d2 f5
22.Nd2f3 Be7f6
23.Nf3g5 Bf6xg5
24.Bh6xg5 Qd6d7
25.Qe2e5 Rc7c6
26.Rd4xd5 Qd7e8
27.Qe5xe8 Rc8xe8
28.Rd5d7 Kf8
29.Bg5h6 { resign }
1-0

[Event "Tourn. n8642"]
[Site "www.chess-mail.com"]
[Date "2016.03.07"]
[Round "1"]
[White "Wwgia"]
[Black "Libiesse"]
[WhiteElo "2160"]
[BlackElo "2070"]
[Result "1-0"]
[Round "1"]
1.d4 d5
2.c4 e6
3.Nb1c3 Ng8f6
4.Ng1f3 Bf8e7
5.Bc1g5 O-O
6.e3 c5
7.Bf1e2 dxc4
8.Be2xc4 cxd4
9.exd4 Qd8b6
10.O-O Qb6xb2
11.Nc3b5 Nb8a6
12.Ra1b1 { resign }
1-0

[Event "Tourn. n8586"]
[Site "www.chess-mail.com"]
[Date "2016.03.07"]
[Round "1"]
[White "Starwind"]
[Black "Yangqi"]
[WhiteElo "2249"]
[BlackElo "2630"]
[Result "1/2-1/2"]
[Round "1"]
1.d4 d5
2.c4 c5
3.Ng1f3 cxd4
4.cxd5 Qd8a5
5.Qd1d2 Qa5xd5
6.Qd2xd4 Qd5xd4
7.Nf3xd4 a6
8.Nb1c3 Ng8f6
9.g3 e5
10.Nd4b3 Nb8c6
11.Bf1g2 Bc8e6
12.O-O O-O-O
13.Bc1g5 h6
14.Bg5xf6 gxf6
15.Rf1c1 f5
16.Bg2xc6 bxc6
17.Nc3a4 Be6xb3
18.axb3 Kb7
19.Rc1c3 Rh8g8
20.Na4c5 Bf8xc5
21.Rc3xc5 Rd8d5
22.Rc5xd5 cxd5
23.Ra1a5 Rg8d8
24.Kg2 f6
25.f4 Kb6
26.b4 Rd8d7
27.Ra5c5 Rd7d8
28.Kh3 Kb7
29.Kh4 e4
30.Kh5 d4
31.Rc5c2 e3
32.Rc2c1 Rd8c8
33.Rc1e1 Kc6
34.Re1c1 Kd7
35.Rc1d1 Rc8c4
36.Kxh6 Ke6
37.Kg6 { draw }
1/2-1/2

[Event "Tourn. n8588"]
[Site "www.chess-mail.com"]
[Date "2016.03.07"]
[Round "1"]
[White "Neo"]
[Black "Silent1"]
[WhiteElo "1880"]
[BlackElo "1810"]
[Result "0-1"]
[Round "1"]
1.d4 d5
2.e3 e6
3.g3 Bf8d6
4.Bf1g2 Ng8f6
5.Ng1f3 O-O
6.Nf3e5 Nb8d7
7.O-O Nd7xe5
8.dxe5 Bd6xe5
9.c3 c6
10.b4 a6
11.a4 Bc8d7
12.Bc1a3 Rf8e8
13.Ra1a2 Be5d6
14.a5 Bd6e7
15.Qd1d4 Be7d6
16.c4 Qd8c7
17.cxd5 exd5
18.Rf1c1 Bd7f5
19.Nb1d2 Bd6e5
20.Qd4c5 Nf6d7
21.Qc5b6 Nd7xb6
22.axb6 Qc7xb6
23.Nd2b3 Qb6c7
24.Nb3c5 Be5d6
25.Ra2d2 Bd6xc5
26.bxc5 Qc7a5
27.Rd2a2 Qa5c7
28.Ba3b2 Bf5e4
29.Bg2xe4 Re8xe4
30.Bb2d4 Re4xd4
31.exd4 Ra8e8
32.Ra2a1 Re8e2
33.Rc1f1 a5
34.Rf1d1 h6
35.Rd1d3 b6
36.Kf1 Re2b2
37.Ra1e1 bxc5
38.dxc5 a4
39.Re1e8 Kh7
40.Re8a8 Rb2b3
41.Rd3d4 a3
42.Ra8a4 Rb3c3
43.f4 Rc3xc5
44.Ra4xa3 Qc7b6
45.Rd4d1 Qb6b5
46.Kg1 Rc5c2
47.Ra3d3 Rc2c1
48.Kg2 Rc1xd1
49.Rd3xd1 Qb5e2
50.Kh3 Qe2xd1
{ resign }
0-1

[Event "Tourn. n8558"]
[Site "www.chess-mail.com"]
[Date "2016.03.07"]
[Round "1"]
[White "Szustan"]
[Black "Masteratches"]
[WhiteElo "2720"]
[BlackElo "2460"]
[Result "0-1"]
[Round "1"]
1.e4 e5
2.Ng1f3 Nb8c6
3.Nb1c3 Ng8f6
4.d4 exd4
5.Nc3d5 Bf8e7
6.Bf1e2 Nf6xe4
7.O-O O-O
8.Nf3xd4 Ne4f6
9.Nd5xe7 Nc6xe7
10.Bc1g5 Ne7g6
11.Nd4b5 d5
12.Bg5xf6 gxf6
13.c3 Kh8
14.Qd1d2 Rf8g8
15.g3 c5
16.Ra1d1 Bc8e6
17.b4 b6
18.Rf1e1 a6
19.Nb5a3 Ra8a7
20.Na3c2 Ra7d7
21.Be2xa6 Rd7a7
22.Ba6e2 Ra7xa2
23.Rd1a1 Ra2xa1
24.Re1xa1 Qd8c7
25.bxc5 bxc5
26.Nc2e3 Rg8d8
27.Qd2b2 d4
28.cxd4 cxd4
29.Ra1d1 Qc7e5
30.Ne3g2 Qe5d6
31.Ng2e3 Be6h3
32.Ne3c2 Ng6f4
33.Be2f3 Nf4e6
34.Nc2e1 Kg7
35.Qb2e2 Ne6g5
36.Bf3g2 Bh3xg2
37.Kxg2 Qd6c6
38.f3 Rd8e8
39.Qe2f1 Re8e3
40.h4 Ng5e6
41.Qf1f2 Qc6c3
42.Ne1c2 Re3d3
43.Rd1xd3 Qc3xd3
{ resign }
0-1

[Event "Tourn. n8632"]
[Site "www.chess-mail.com"]
[Date "2016.03.07"]
[Round "1"]
[White "Bigrezi"]
[Black "Biggles"]
[WhiteElo "1760"]
[BlackElo "1809"]
[Result "1/2-1/2"]
[Round "1"]
1.e4 e5
2.Ng1f3 Nb8c6
3.d4 exd4
4.Nf3xd4 Bf8c5
5.Bc1e3 Qd8f6
6.c3 Ng8e7
7.a3 O-O
8.Bf1e2 d5
9.exd5 Nc6xd4
10.cxd4 Bc5b6
11.Nb1c3 Rf8d8
12.Be2c4 c6
13.dxc6 Ne7xc6
14.O-O Nc6xd4
15.Be3xd4 Bb6xd4
16.Qd1b3 Bc8e6
17.Nc3e4 Qf6h6
18.Ra1d1 Bd4e5
19.Ne4g3 Rd8xd1
20.Rf1xd1 Be6xc4
21.Qb3xc4 Qh6b6
22.b4 h6
23.Ng3e4 Ra8e8
24.g3 Be5f6
25.Ne4xf6 Qb6xf6
26.Kg2 { draw }
1/2-1/2

[Event "Tourn. n8649"]
[Site "www.chess-mail.com"]
[Date "2016.03.07"]
[Round "1"]
[White "Bojan"]
[Black "Comrade"]
[WhiteElo "2010"]
[BlackElo "2110"]
[Result "0-1"]
[Round "1"]
1.c4 Ng8f6
2.d4 g6
3.Nb1c3 d5
4.cxd5 Nf6xd5
5.e4 Nd5xc3
6.bxc3 c5
7.Bf1b5 Bc8d7
8.Bb5c4 Bf8g7
9.Qd1b3 e6
10.d5 Qd8a5
11.Bc1d2 b5
12.dxe6 bxc4
13.exd7 Nb8xd7
14.Qb3xc4 Nd7b6
15.Qc4b3 c4
16.Qb3c2 Nb6a4
17.Ng1e2 Ra8b8
18.Ne2d4 Rb8b2
19.Qc2c1 Bg7xd4
20.cxd4 c3
21.Bd2h6 Qa5b5
22.Bh6g7 Qb5e2

0-1

[Event "Tourn. n8632"]
[Site "www.chess-mail.com"]
[Date "2016.03.07"]
[Round "1"]
[White "Bigrezi"]
[Black "Gilliere"]
[WhiteElo "1760"]
[BlackElo "1880"]
[Result "0-1"]
[Round "1"]
1.e4 c5
2.Ng1f3 Nb8c6
3.d4 cxd4
4.Nf3xd4 Ng8f6
5.Nb1c3 Qd8b6
6.Nd4b3 e5
7.Bc1e3 Qb6c7
8.Bf1d3 Bf8b4
9.Be3d2 O-O
10.O-O Bb4xc3
11.Bd2xc3 d6
12.a3 h6
13.Qd1f3 Nc6e7
14.Ra1d1 Ne7g6
15.Rd1d2 Bc8g4
16.Qf3e3 Bg4e6
17.Rf1d1 Nf6g4
18.Qe3e2 Ng6f4
19.Qe2e1 Nf4xd3
20.Rd2xd3 Rf8c8
21.Rd3xd6 Rc8d8
22.Rd6xd8 Ra8xd8
23.Rd1xd8 Qc7xd8
24.f3 Be6xb3
25.cxb3 Qd8b6
26.Kh1 Ng4f2
27.Kg1 Nf2d3
{ resign }
0-1

[Event "Tourn. n8626"]
[Site "www.chess-mail.com"]
[Date "2016.03.07"]
[Round "1"]
[White "Masteratches"]
[Black "Yangqi"]
[WhiteElo "2580"]
[BlackElo "2640"]
[Result "1-0"]
[Round "1"]
1.d4 f5
2.g3 Ng8f6
3.Ng1f3 e6
4.c4 d6
5.Bf1g2 Bf8e7
6.O-O O-O
7.Nb1c3 Nf6e4
8.Nc3xe4 fxe4
9.Nf3d2 d5
10.f3 Nb8c6
11.fxe4 Rf8xf1
12.Nd2xf1 dxc4
13.Bc1e3 Bc8d7
14.b3 cxb3
15.Qd1xb3 Nc6a5
16.Qb3c3 b6
17.Ra1d1 Ra8c8
18.Nf1d2 c5
19.d5 exd5
20.exd5 Be7f6
21.Qc3c1 Bd7g4
22.Nd2e4 Bg4xe2
23.Rd1d2 Be2g4
24.Rd2f2 Bf6e5
25.d6 Bg4e6
26.Qc1d1 Be5d4
27.Qd1d3 Be6c4
28.Ne4g5 Qd8xg5
29.d7 Qg5g4
30.dxc8Q Qg4xc8
31.Qd3e4 Bd4f6
32.g4 Bc4e6
33.g5 Bf6e7
34.Be3c1 c4
35.Bc1e3 c3
36.g6 h6
37.Rf2e2 Be7f8
38.Be3d4 Be6c4
39.Re2c2 Qc8e6
40.Bd4xc3 Bc4xa2
41.Rc2d2 Bf8c5
42.Kh1 { resign }
1-0

[Event "Tourn. n8557"]
[Site "www.chess-mail.com"]
[Date "2016.03.07"]
[Round "1"]
[White "Emiondi"]
[Black "Bojan"]
[WhiteElo "2189"]
[BlackElo "2080"]
[Result "1-0"]
[Round "1"]
1.d4 d5
2.c4 Nb8c6
3.Nb1c3 e6
4.Ng1f3 f6
5.e3 dxc4
6.Bf1xc4 a6
7.a3 Ng8e7
8.O-O Bc8d7
9.e4 Nc6a5
10.Bc4d3 Ne7g6
11.b4 Na5c6
12.Rf1e1 Qd8e7
13.Bc1e3 Nc6a7
14.d5 Qe7d6
15.Be3c5 Qd6f4
16.Bc5xf8 Kxf8
17.Bd3c4 Ra8e8
18.dxe6 Bd7xe6
19.Bc4xe6 Re8xe6
20.Qd1d5 Kf7
21.Nf3d4 Rh8e8
22.Nd4xe6 Re8xe6
23.Ra1d1 Na7c6
24.g3 Qf4e5
25.Re1e3 Ng6f8
26.f4 Qe5xd5
27.Nc3xd5 Nc6a7
28.Nd5xc7 Re6c6
29.Nc7d5 Rc6c8
30.Re3c3 Rc8xc3
31.Nd5xc3 g6
32.h4 Na7c8
33.Kf2 Nc8b6
34.Rd1d8 Nb6c4
35.Nc3d5 Nc4xa3
36.Nd5xf6 Nf8e6
37.Rd8d3 Na3b5
38.Nf6xh7 Ne6d4
39.e5 b6
40.Nh7g5 Ke7
41.Ng5f3 Nd4f5
42.g4 Nf5g7
43.Ke3 Ng7e6
44.f5 gxf5
45.gxf5 Ne6c7
46.Nf3g5 a5
47.f6 Ke8
48.h5 a4
49.h6 { resign }
1-0

[Event "Tourn. n8596"]
[Site "www.chess-mail.com"]
[Date "2016.03.07"]
[Round "1"]
[White "Starwind"]
[Black "Yangqi"]
[WhiteElo "2330"]
[BlackElo "2630"]
[Result "1/2-1/2"]
[Round "1"]
1.Ng1f3 d5
2.d4 Ng8f6
3.c4 c6
4.Nb1c3 dxc4
5.a4 Bc8f5
6.e3 e6
7.Bf1xc4 Bf8b4
8.O-O Nb8d7
9.Qd1e2 Bf5g6
10.e4 O-O
11.Bc4d3 Bg6h5
12.e5 Nf6d5
13.Nc3xd5 cxd5
14.Qe2e3 Rf8e8
15.Nf3g5 Bh5g6
16.Bd3xg6 fxg6
17.a5 Ra8c8
18.Qe3h3 Nd7f8
19.Qh3b3 Bb4xa5
20.Qb3xb7 Re8e7
21.Qb7b5 Ba5b6
22.Ng5f3 h6
23.h4 Re7c7
24.Bc1d2 Qd8d7
25.Qb5a6 Rc7c4
26.Ra1c1 Rc4xc1
27.Rf1xc1 Rc8xc1
28.Bd2xc1 Qd7c7
29.Bc1e3 Qc7c2
30.Qa6b5 Bb6d8
31.Kh2 Qc2e4
32.Qb5b8 Bd8b6
33.Qb8c8 Bb6a5
34.Qc8c5 { draw }
1/2-1/2

[Event "Tourn. n8626"]
[Site "www.chess-mail.com"]
[Date "2016.03.07"]
[Round "1"]
[White "Masteratches"]
[Black "Starwind"]
[WhiteElo "2580"]
[BlackElo "2410"]
[Result "1/2-1/2"]
[Round "1"]
1.d4 d5
2.c4 c6
3.Ng1f3 Ng8f6
4.Nb1c3 e6
5.Bc1g5 h6
6.Bg5xf6 Qd8xf6
7.e3 Nb8d7
8.Qd1d2 Bf8d6
9.e4 Bd6f4
10.Qd2e2 dxe4
11.Qe2xe4 Qf6f5
12.Qe4xf5 exf5
13.g3 Bf4d6
14.c5 Bd6c7
15.Bf1c4 O-O
16.O-O g6
17.b4 Kg7
18.Rf1e1 Nd7f6
19.a4 f4
20.Kg2 fxg3
21.hxg3 Ra8b8
22.a5 a6
23.Ra1d1 Bc8g4
24.d5 cxd5
25.Nc3xd5 Nf6xd5
26.Bc4xd5 Kf6
27.Rd1d4 h5
{ draw }
1/2-1/2

[Event "Match"]
[Site "www.echecsemail.com"]
[Date "2016.03.07"]
[Round "1"]
[White "Coventry"]
[Black "Guidom"]
[WhiteElo "1790"]
[BlackElo "2100"]
[Result "1/2-1/2"]
[Round "1"]
1.c4 e5
2.Nb1c3 c5
3.g3 d6
4.Bf1g2 Nb8c6
5.d3 Ng8f6
6.Ng1f3 Bf8e7
7.O-O O-O
8.Bc1g5 h6
9.Bg5xf6 Be7xf6
10.Nc3d5 Bc8e6
11.Nd5xf6 Qd8xf6
12.a3 Ra8b8
13.Ra1b1 a6
14.b4 cxb4
15.axb4 e4
16.Nf3d2 exd3
17.exd3 Be6f5
18.Nd2e4 Bf5xe4
19.Bg2xe4 Qf6c3
20.Qd1b3 Qc3xb3
21.Rb1xb3 Nc6d4
22.Rb3b2 b5
23.Rf1a1 { draw }
1/2-1/2

[Event "Match"]
[Site "www.echecsemail.com"]
[Date "2016.03.07"]
[Round "1"]
[White "Fanny33"]
[Black "Nimzo"]
[WhiteElo "2760"]
[BlackElo "2800"]
[Result "1/2-1/2"]
[Round "1"]
1.f4 d5
2.Ng1f3 Ng8f6
3.g3 g6
4.Bf1g2 Bf8g7
5.O-O O-O
6.d3 c5
7.Qd1e1 Nb8c6
8.e4 dxe4
9.dxe4 e5
10.Nb1c3 Nc6d4
11.fxe5 Nf6g4
12.Nf3xd4 cxd4
13.Nc3d5 Bc8e6
14.Qe1b4 Bg7xe5
15.Bc1f4 Be5xf4
16.Rf1xf4 Be6xd5
17.exd5 Ng4e3
18.Bg2e4 Ne3xd5
19.Be4xd5 Qd8xd5
20.Rf4xd4 Qd5h5
21.Ra1f1 { draw }
1/2-1/2

[Event "Match"]
[Site "www.echecsemail.com"]
[Date "2016.03.07"]
[Round "1"]
[White "Sorren"]
[Black "Susov"]
[WhiteElo "1790"]
[BlackElo "1840"]
[Result "0-1"]
[Round "1"]
1.e4 e5
2.Ng1f3 Nb8c6
3.Bf1b5 d6
4.d4 Bc8g4
5.d5 a6
6.dxc6 axb5
7.cxb7 Ra8a4
8.Qd1d5 Bg4d7
9.Nb1c3 Ng8f6
10.Qd5b3 Nf6xe4
11.Nc3xb5 Ne4c5
12.Nb5xd6 Bf8xd6
13.b8Q Nc5xb3
14.Qb8xb3 O-O
15.O-O e4
16.Nf3g5 Qd8f6
17.Bc1e3 h6
{ resign }
0-1

[Event "Match"]
[Site "www.echecsemail.com"]
[Date "2016.03.07"]
[Round "1"]
[White "Caspito"]
[Black "Sorren"]
[WhiteElo "1690"]
[BlackElo "1790"]
[Result "0-1"]
[Round "1"]
1.e4 c5
2.b3 Nb8c6
3.Bc1b2 e5
4.c3 Ng8f6
5.Qd1f3 d6
6.Bf1b5 Bc8d7
7.Ng1e2 a6
8.Bb5c4 b5
9.Bc4d5 Ra8c8
10.O-O Bf8e7
11.d3 O-O
12.Nb1d2 Bd7e6
13.Bd5xe6 fxe6
14.Qf3h3 Qd8d7
15.Ne2g3 d5
16.Ng3h5 Nf6xh5
17.Qh3xh5 Rf8f7
18.Ra1d1 Rc8f8
19.Nd2f3 d4
20.cxd4 exd4
21.Bb2c1 Qd7d6
22.Bc1g5 h6
23.Bg5xe7 Qd6xe7
24.Nf3h4 Rf8a8
25.Rd1e1 Nc6b4
26.Nh4g6 Qe7f6
27.e5 Qf6f5
28.Qh5xf5 exf5
29.e6 Rf7f6
30.e7 Ra8e8
31.Ng6f4 Nb4c6
32.Nf4d5 Rf6f7
33.Re1e6 Nc6xe7
34.Rf1e1 Kf8
35.Nd5c7 Re8c8
36.Nc7xa6 Ne7d5
37.Na6xc5 Nd5f4
38.g3 Nf4xe6
39.Nc5xe6 Kg8
40.Re1e5 Rf7e7
41.f4 Rc8e8
42.Ne6xg7 Re7xe5
43.Ng7xe8 Re5xe8
44.Kf2 Re8e3
{ resign }
0-1

[Event "Match"]
[Site "www.echecsemail.com"]
[Date "2016.03.07"]
[Round "1"]
[White "Whitekknight"]
[Black "Elogic"]
[WhiteElo "1880"]
[BlackElo "1669"]
[Result "1-0"]
[Round "1"]
1.e4 c5
2.Ng1f3 e6
3.d4 a6
4.c3 Nb8c6
5.e5 cxd4
6.cxd4 g6
7.a3 d6
8.Bc1f4 dxe5
9.Nf3xe5 Nc6xe5
10.dxe5 Qd8xd1
11.Kxd1 Bf8c5
12.f3 Ng8e7
13.Nb1c3 Bc5d4
14.Kc2 Ne7d5
15.Nc3xd5 exd5
16.Bf1d3 O-O
17.Rh1e1 Bc8e6
18.Ra1c1 Ra8c8
19.Kb1 Rc8xc1
20.Re1xc1 f5
21.Rc1c7 Rf8f7
22.Rc7c1 a5
23.Bf4h6 Bd4xe5
24.f4 Be5d4
25.Bd3e2 b6
26.Be2f3 Bd4c5
27.Rc1e1 Rf7f6
28.Bh6g5 Kg7
29.Bg5xf6 Kxf6
30.Re1d1 d4
31.Kc2 a4
32.Rd1e1 Be6b3
33.Kd2 g5
34.g3 g4
35.Bf3d1 Bb3xd1
36.Kxd1 h5
37.Re1e8 Bc5d6
38.Kd2 Bd6c5
39.Kd3 Kg7
40.Kc4 Kf7
41.Re8c8 Ke6
42.Rc8h8 Kd6
43.Rh8xh5 b5
44.Kxb5 d3
45.Rh5h8 Kd7
46.Kxc5 d2
47.Rh8h7 Ke6
48.Rh7h6 { resign }
1-0

[Event "Match"]
[Site "www.echecsemail.com"]
[Date "2016.03.07"]
[Round "1"]
[White "Orae"]
[Black "Chapi"]
[WhiteElo "1710"]
[BlackElo "2050"]
[Result "0-1"]
[Round "1"]
1.e4 c5
2.Bf1c4 Nb8c6
3.Qd1f3 Nc6e5
4.Qf3b3 Ng8f6
5.f4 Ne5xc4
6.Qb3xc4 b6
7.Ng1f3 Bc8b7
8.Nf3g5 e6
9.f5 h6
10.Ng5h3 Bb7xe4
11.O-O Be4xf5
12.Nh3f4 Bf8e7
13.a4 O-O
14.Ra1a3 d5
15.Qc4e2 Bf5xc2
16.Nb1c3 c4
17.d3 Be7xa3
18.Qe2xc2 cxd3
19.Nf4xd3 Ra8c8
20.bxa3 d4
21.Rf1d1 Rc8xc3
22.Qc2f2 Qd8c7
23.Qf2xd4 Rf8c8
24.Rd1f1 b5
25.Bc1b2 Rc3c4
26.Qd4e3 Nf6g4
27.Qe3h3 Rc4xa4
28.Rf1f3 Qc7c2
29.Rf3g3 Qc2d1
{ resign }
0-1

[Event "Match"]
[Site "www.echecsemail.com"]
[Date "2016.03.07"]
[Round "1"]
[White "Wwgia"]
[Black "Elogic"]
[WhiteElo "2170"]
[BlackElo "1960"]
[Result "1-0"]
[Round "1"]
1.d4 Ng8f6
2.c4 e6
3.Ng1f3 d5
4.Nb1c3 dxc4
5.e3 Bf8b4
6.Bf1xc4 Nf6e4
7.Qd1c2 b6
8.Qc2xe4 { resign }
1-0

[Event "Match"]
[Site "www.echecsemail.com"]
[Date "2016.03.07"]
[Round "1"]
[White "Sorren"]
[Black "Billyg"]
[WhiteElo "1790"]
[BlackElo "1650"]
[Result "1-0"]
[Round "1"]
1.e4 e5
2.Ng1f3 f6
3.Nf3xe5 fxe5
4.Qd1h5 g6
5.Qh5xe5 Qd8e7
6.Qe5xh8 Qe7xe4
7.Kd1 a6
8.Qh8xg8 d5
9.d3 Bc8g4
10.f3 Bg4xf3
11.gxf3 Qe4xf3
12.Ke1 Qf3xh1
13.Bc1h6 Nb8d7
14.Bh6xf8 O-O-O
15.Nb1d2 Qh1xh2
16.O-O-O Rd8xf8
17.Qg8xd5 c6
18.Qd5d4 g5
19.Qd4g7 Qh2h4
20.Nd2e4 Qh4h1
21.Bf1e2 Qh1g2
22.Be2h5 Qg2h2
23.Bh5g4 Qh2f4
24.Kb1 Qf4xg4
25.Rd1h1 Qg4f5
26.Ne4d6 { resign }
1-0

[Event "Match"]
[Site "www.echecsemail.com"]
[Date "2016.03.07"]
[Round "1"]
[White "Castletyme"]
[Black "Elogic"]
[WhiteElo "1810"]
[BlackElo "2089"]
[Result "0-1"]
[Round "1"]
1.e4 e5
2.Ng1f3 Nb8c6
3.d3 d5
4.exd5 Qd8xd5
5.Nb1c3 Qd5d8
6.Bc1g5 f6
7.Bg5h4 Bc8e6
8.a3 g5
9.Bh4g3 h5
10.h3 g4
11.hxg4 Be6xg4
12.Bf1e2 Bf8d6
13.Qd1d2 f5
14.Nf3g5 f4
15.Be2xg4 Qd8xg5
 { time }
0-1

[Event "1/64 Finale"]
[Site "www.chess-mail.com"]
[Date "2016.03.07"]
[Round "1"]
[White "Madz123456"]
[Black "Attatroll"]
[WhiteElo "2290"]
[BlackElo "2030"]
[Result "0-1"]
[Round "1"]
1.e4 c5
2.Ng1f3 Qd8b6
3.Nb1c3 e6
4.d4 cxd4
5.Qd1xd4 Qb6xd4
6.Nf3xd4 a6
7.f3 Bf8c5
 { time }
0-1

[Event "Eq:chibcha-Royal chess : "]
[Site "www.chess-mail.com"]
[Date "2016.03.07"]
[Round "1"]
[White "Alvarin111"]
[Black "Karlgrocer"]
[WhiteElo "1950"]
[BlackElo "2040"]
[Result "0-1"]
[Round "1"]
1.e4 c5
2.Ng1f3 e6
3.Nb1c3 Bf8e7
4.Bf1c4 d6
5.O-O Ng8f6
6.h3 O-O
7.d4 cxd4
8.Nf3xd4 a6
9.a3 { time. }
0-1

[Event "Tourn. n8671"]
[Site "www.chess-mail.com"]
[Date "2016.03.08"]
[Round "1"]
[White "Vitoriccardo"]
[Black "Francesco"]
[WhiteElo "1970"]
[BlackElo "2020"]
[Result "0-1"]
[Round "1"]
1.e4 c6
2.d4 d5
3.exd5 cxd5
4.c4 Ng8f6
5.Ng1f3 Bc8g4
6.Nb1c3 e6
7.Bc1g5 Bf8e7
8.Bf1e2 O-O
9.O-O Nb8c6
10.h3 Bg4h5
11.cxd5 exd5
12.Be2d3 Nc6xd4
13.Bd3xh7 Kxh7
14.Qd1xd4 Bh5xf3
15.gxf3 Rf8h8
16.Nc3xd5 Nf6xd5
17.Qd4e4 g6
18.Ra1d1 Be7xg5
19.Rd1xd5 Qd8f6
20.Kh1 Kg7
21.Qe4g4 Rh8h5
22.Rf1g1 Kh6
23.Rg1d1 Rh5h4
24.Qg4g2 Ra8e8
25.Qg2g1 Qf6xf3
{ resign }
0-1

[Event "Tourn. n8636"]
[Site "www.chess-mail.com"]
[Date "2016.03.08"]
[Round "1"]
[White "Elogic"]
[Black "Jackbauer"]
[WhiteElo "1820"]
[BlackElo "1900"]
[Result "0-1"]
[Round "1"]
1.d4 d5
2.c4 Nb8c6
3.c5 h6
4.e3 a6
5.a3 Ng8f6
6.b4 e5
7.dxe5 Nc6xe5
8.f4 Ne5c6
9.Bf1d3 Bf8e7
10.h3 O-O
11.g4 Nf6e4
12.Ng1f3 Be7h4
13.Nf3xh4 Qd8xh4
{ resign }
0-1

[Event "Tourn. n8607"]
[Site "www.chess-mail.com"]
[Date "2016.03.08"]
[Round "1"]
[White "Leeds"]
[Black "Gatrooper"]
[WhiteElo "1880"]
[BlackElo "1620"]
[Result "1-0"]
[Round "1"]
1.d4 d5
2.c4 dxc4
3.Ng1f3 e6
4.e3 Nb8c6
5.Bf1xc4 a6
6.Nb1c3 h6
7.O-O Ng8f6
8.a3 Bf8d6
9.e4 Bd6e7
10.e5 Nf6h7
11.Bc1e3 Bc8d7
12.b4 b5
13.Bc4b3 Be7g5
14.Nf3xg5 Nh7xg5
15.f4 Ng5h7
16.Nc3e4 f5
17.Qd1h5 Kf8
18.Ne4c5 Bd7e8
19.Nc5xe6 Ke7
20.Qh5xf5 Qd8b8
21.Ne6xg7 Kd8
22.Ng7xe8 Rh8xe8
23.d5 Nc6e7
24.Qf5xh7 Kc8
25.Ra1c1 Qb8b7
26.d6 Kb8
27.Rc1xc7 Qb7xc7
28.dxc7 Kxc7
29.Rf1c1 Kb7
30.Bb3d5 Kb8
31.Be3c5 Ne7xd5
32.Bc5d6 { resign }
1-0

[Event "Tourn. n8592"]
[Site "www.chess-mail.com"]
[Date "2016.03.08"]
[Round "1"]
[White "Tonino1"]
[Black "Orhany24"]
[WhiteElo "2060"]
[BlackElo "2070"]
[Result "1-0"]
[Round "1"]
1.d4 d5
2.Ng1f3 Ng8f6
3.e3 Bc8f5
4.Bf1d3 Bf5xd3
5.cxd3 e6
6.O-O Bf8e7
7.b3 O-O
8.Bc1b2 Nb8d7
9.Nb1d2 c5
10.Qd1e2 h6
11.e4 cxd4
12.Bb2xd4 b6
13.e5 Nf6h7
14.g3 Ra8c8
15.Ra1c1 Be7c5
16.Bd4e3 Qd8e7
17.d4 Bc5a3
18.Rc1xc8 Rf8xc8
19.Qe2a6 Rc8c7
20.Nd2b1 Ba3b2
21.Qa6e2 Bb2a3
22.Nf3e1 Qe7f8
23.Nb1xa3 Qf8xa3
24.Ne1d3 Qa3e7
25.Rf1c1 Rc7xc1
26.Be3xc1 f6
27.Bc1f4 fxe5
28.Nd3xe5 Nd7xe5
29.Qe2xe5 Nh7f6
30.Qe5b8 Kh7
31.Qb8c7 Qe7xc7
32.Bf4xc7 Nf6d7
33.f3 Kg6
34.Kf2 a6
35.Ke3 Kf7
36.g4 g6
37.h4 g5
38.h5 b5
39.Kd3 Ke7
40.Kc3 Nd7f6
41.Kb4 Kd7
42.Bc7e5 Nf6g8
43.Ka5 Kc6
44.Kxa6 Ng8e7
45.a4 bxa4
46.bxa4 Ne7c8
47.Be5g7 Nc8d6
48.Bg7xh6 Nd6c4
49.Bh6xg5 e5
50.dxe5 Nc4xe5
51.h6 { resign }
1-0

[Event "Tourn. n8652"]
[Site "www.chess-mail.com"]
[Date "2016.03.08"]
[Round "1"]
[White "Daquata"]
[Black "Redabond"]
[WhiteElo "1630"]
[BlackElo "1570"]
[Result "1-0"]
[Round "1"]
1.e4 e5
2.Ng1f3 Nb8c6
3.Bf1c4 Ng8f6
4.Nb1c3 Bf8c5
5.d3 Nf6g4
6.O-O Nc6d4
7.Nf3xd4 exd4
8.Qd1xg4 dxc3
9.Qg4xg7 Rh8f8
10.bxc3 Qd8e7
11.Bc1f4 d6
12.d4 Bc5b6
13.a4 a5
14.e5 Bc8f5
15.exd6 Qe7h4
16.Rf1e1 Kd7
17.Bc4xf7 c5
18.Bf7e8 Kc8
19.Qg7xf8 cxd4
20.Qf8xf5 Kb8
21.Bf4g3 Qh4d8
22.d7 Ka7
23.Be8h5 dxc3
24.Re1e8 Qd8c7
25.Bg3xc7 { resign }
1-0

[Event "Tourn. n8457"]
[Site "www.chess-mail.com"]
[Date "2016.03.08"]
[Round "1"]
[White "Gatrooper"]
[Black "Azulmarino"]
[WhiteElo "1620"]
[BlackElo "1750"]
[Result "1/2-1/2"]
[Round "1"]
1.e4 e5
2.a3 Bf8c5
3.d3 Ng8f6
4.Bc1e3 Bc5d6
5.Be3g5 Bd6e7
6.Bg5xf6 Be7xf6
7.h3 d6
8.Nb1c3 Bc8e6
9.Nc3b5 a6
10.Nb5c3 Nb8c6
11.Ng1f3 h6
12.d4 exd4
13.Nc3e2 O-O
14.Ne2f4 Bf6e5
15.Nf4xe6 fxe6
16.Bf1c4 Be5f4
17.Bc4xe6 Kh8
18.g3 Bf4e5
19.Qd1d3 Qd8e7
20.Be6g4 Nc6b8
21.O-O-O Qe7f7
22.b3 Nb8c6
23.Nf3xe5 Nc6xe5
24.Qd3f1 d3
25.cxd3 Qf7xb3
26.Rd1d2 Qb3xa3
27.Kd1 a5
28.Ke2 Rf8f6
29.f4 Ne5c6
30.Bg4f3 Nc6d4
31.Kf2 Ra8e8
32.Kg1 Rf6g6
33.g4 Qa3b4
34.Rh1h2 Qb4c5
35.Kh1 Qc5b5
36.Rd2b2 Nd4b3
37.Bf3e2 a4
38.d4 Qb5c6
39.Be2f3 Nb3xd4
40.f5 Rg6g5
41.Rb2d2 Qc6b5
42.Bf3e2 Qb5e5
43.h4 Qe5xe4
44.Rh2g2 Nd4f3
45.Be2xf3 Qe4e7
46.hxg5 Qe7xg5
47.Rg2h2 Qg5f4
48.Rd2f2 a3
49.Bf3xb7 Qf4xg4
50.Rf2g2 Qg4b4
51.Qf1a1 Re8e1
52.Qa1xe1 Qb4xe1
53.Rg2g1 Qe1b4
54.Bb7g2 a2
55.Bg2d5 Qb4f4
56.Bd5xa2 Qf4xf5
57.Ba2b1 Qf5d5
58.Rh2g2 g5
59.Bb1a2 Qd5e5
60.Rg1f1 c5
61.Rf1f8 Kg7
62.Rg2f2 Qe5e1
63.Rf2f1 Qe1h4
64.Kg2 c4
65.Rf1f7 Kg6
66.Ba2b1 Kh5
67.Rf8g8 Kg4
68.Bb1f5 Kf4
69.Bf5c2 Ke3
70.Rf7f3 Kd4
71.Rg8e8 Qh4g4
72.Rf3g3 Qg4h5
73.Re8e4 Kd5
74.Rg3g4 Qh5f7
75.Re4d4 Ke5
76.Rg4e4 Kf5
77.Re4f4 Ke5
78.Rf4xf7 Kxd4
79.Rf7d7 Kc5
80.Kg3 d5
81.Kg4 c3
82.Rd7c7 Kd4
83.Kh5 Ke5
84.Kxh6 d4
85.Kxg5 d3
86.Bc2xd3 Kd4
87.Bd3c2 Ke3
88.Rc7xc3 Kd4
89.Rc3c8 Ke3
90.Kf5 Kd4
91.Bc2b1 Kd5
92.Bb1e4 Kd6
93.Kf6 Kd7
94.Be4f5 Kd6
95.Rc8d8 Kc5
96.Ke6 Kc4
97.Ke5 Kc5
{ draw }
1/2-1/2

[Event "Tourn. n8504"]
[Site "www.chess-mail.com"]
[Date "2016.03.08"]
[Round "1"]
[White "Sontuozio"]
[Black "Norlavuaram"]
[WhiteElo "2150"]
[BlackElo "2260"]
[Result "0-1"]
[Round "1"]
1.d4 Ng8f6
2.Ng1f3 g6
3.c4 d5
4.Nb1c3 Bf8g7
5.e3 O-O
6.Bf1e2 dxc4
7.Be2xc4 Nb8d7
8.O-O c5
9.d5 Nd7b6
10.Bc4e2 Nb6xd5
11.Nc3xd5 Qd8xd5
12.Qd1xd5 Nf6xd5
13.Ra1b1 h6
14.Bc1d2 Bc8f5
15.Rb1c1 b6
16.b3 Ra8d8
17.h3 Nd5f6
18.Bd2c3 Nf6d5
19.Bc3xg7 Kxg7
20.Be2c4 Nd5b4
21.a4 Bf5d3
22.Rf1d1 Bd3xc4
23.bxc4 f6
24.Kf1 Kf7
25.Nf3e1 e5
26.Ke2 Ke7
27.Ne1d3 Nb4xd3
28.Rd1xd3 Rd8xd3
29.Kxd3 Rf8d8
30.Kc2 Ke6
31.Rc1d1 Rd8xd1
32.Kxd1 f5
33.f3 g5
34.Kd2 a6
35.Kd3 h5
36.e4 f4
37.Kc3 Kd6
38.Kb2 Kc6
39.Kb3 b5
40.axb5 axb5
41.cxb5 Kxb5
42.Kc3 c4
43.Kc2 Kb4
44.Kb2 c3
45.Kc2 Kc4
46.Kc1 Kd3
47.Kd1 h4
{ resign }
0-1

[Event "Match"]
[Site "www.echecsemail.com"]
[Date "2016.03.08"]
[Round "1"]
[White "Add"]
[Black "Whitekknight"]
[WhiteElo "2030"]
[BlackElo "1920"]
[Result "1-0"]
[Round "1"]
1.e4 e5
2.Ng1f3 d6
3.h3 Ng8f6
4.Nb1c3 Nb8c6
5.Bf1c4 Bf8e7
6.Nf3g5 O-O
7.d3 h6
8.Ng5f3 Rf8e8
9.a3 Be7f8
10.Nc3e2 a6
11.c3 Bc8e6
12.Bc4b3 b5
13.Bc1e3 Nc6a5
14.Bb3a2 Be6xa2
15.Ra1xa2 c5
16.b4 Na5b7
17.Ne2g3 g6
18.Qd1d2 Kh7
19.O-O Nf6g8
20.a4 c4
21.axb5 axb5
22.Rf1a1 Ra8xa2
23.Ra1xa2 Qd8c7
24.Ra2a7 Re8b8
25.dxc4 Qc7xc4
26.Nf3h2 Bf8g7
27.Ng3e2 Qc4xe4
28.f4 exf4
29.Be3xf4 g5
30.Bf4e3 Rb8e8
31.Nh2f1 Re8c8
32.Ne2g3 Qe4c6
33.Qd2d3 Kh8
34.Be3d4 Ng8f6
35.Ng3f5 Qc6c7
36.Nf5xg7 Kxg7
37.Qd3f5 Rc8g8
38.Qf5xf6 Kh7
39.Qf6f5 Rg8g6
40.Qf5xb5 { resign }
1-0

[Event "Match"]
[Site "www.echecsemail.com"]
[Date "2016.03.08"]
[Round "1"]
[White "Calponas"]
[Black "Juodivarnai"]
[WhiteElo "2110"]
[BlackElo "2140"]
[Result "0-1"]
[Round "1"]
1.d4 d5
2.Ng1f3 Ng8f6
3.c4 c6
4.Nb1c3 e6
5.Bc1g5 Nb8d7
6.e3 Bf8d6
7.c5 Bd6c7
8.b4 O-O
9.Bf1e2 Rf8e8
10.O-O e5
11.b5 Qd8e7
12.bxc6 bxc6
13.dxe5 Nd7xe5
14.Nf3d4 Qe7xc5
15.Bg5xf6 Qc5xc3
16.Ra1c1 Qc3a3
17.Bf6xe5 Bc7xe5
18.Nd4xc6 Qa3xa2
19.Rc1a1 Be5xa1
20.Qd1xa1 Qa2xe2
21.Rf1e1 Qe2c4
22.Nc6d4 Bc8e6
23.Re1c1 Qc4b4
24.Rc1b1 Qb4e7
25.Qa1a6 h6
26.Rb1b7 Qe7g5
27.Nd4f3 Qg5f6
28.Nf3d4 Be6c8
29.Qa6xf6 gxf6
{ resign }
0-1